| 000 | 00575nam a2200205Ia 4500 | ||
|---|---|---|---|
| 008 | 191130s2004##################000#0#eng## | ||
| 020 | _a9780198610205 | ||
| 022 | _a2004021940 | ||
| 040 |
_aACL _cACL |
||
| 082 | _a780.3 LAT | ||
| 245 |
_aThe Oxford dictionary of musical works _cedited by Alison Latham |
||
| 260 |
_aOxford _bOxford University Press _c2004 |
||
| 300 | _a213 p. ; 20 cm | ||
| 500 | _aIncludes index | ||
| 650 | _aMusic - Dictionaries | ||
| 700 | _aLatham, Alison | ||
| 990 | _aab22d767ac10000c3ffd490e8ec57386 | ||
| 991 | _a343473 | ||
| 999 |
_c62500 _d62500 |
||